| 000 | 00520nam a2200181 4500 | ||
|---|---|---|---|
| 008 | 030821s1987 us 0 eng | ||
| 020 | _a0874031648 | ||
| 090 |
_aBS2615.3 _bF81 |
||
| 100 | 1 | _aFoster, Lewis | |
| 245 | 1 | 0 |
_aJohn / _cLewis Foster. |
| 260 |
_aOhio : _bStandard, _cc1987. |
||
| 300 | _a254 p. | ||
| 490 | 1 | _aStandard Bible studies | |
| 504 | _aBiblio: p. 253 | ||
| 650 | 4 |
_aBible. N.T. John _xCommentaries. |
|
| 951 |
_p12756 _x00007256 _oBS2615.3/F81 _j070613111307000 _d2000-12-21 _cGC |
||
| 999 |
_c16692 _d16692 |
||